Responses for Show #2797 - Tuesday, October 29, 1996

Contestants

Debbie Saunders, an adolescent medicine physician from Rockville Center, New York

Carl Kruglak, an actuary from Needham, Massachusetts

Dave Priestly, a business executive from Birmingham, Michigan (whose 1-day cash winnings total $11,799)

[next game >>]

Jeopardy! Round responses

OFFICIAL STATE THINGS
EXPLORERS
BRAND NAMES
TV ROBOTS
SHAKESPEARE
"H"ODGEPODGE
    $100 17
Kentucky

Dave
    $100 1
Christopher Columbus

Carl
    $100 2
Tootsie Rolls

Carl
    $100 7
the Jetsons

Carl
    $100 26
Vienna

Carl
    $100 13
Hong Kong

Carl
    $200 18
(Dave: What is Texas?)
...
(Alex: Dave, you misread the clue.)

star

DaveCarl
    $200 12
Ferdinand Magellan

Debbie
    $200 3
Peter Pan

Carl
    $200 8
Data

Carl
    $200 27
"The Taming of the Shrew"

Debbie
    $200 22
hepatitis

Debbie
    $300 19
(Debbie: What is the state plant... flower?)
(Alex: Okay, you corrected yourself.)

state flower

Debbie
    $300 14
Canada

Dave
    $300 4
Bayer

Debbie
    $300 9
Get Smart

Debbie
    $300 28
"Julius Caesar"

Dave
    $300 23
(Alex: We've got a minute to go.)

heebie-jeebies

Debbie
    $400 20
Rodgers and Hammerstein

Carl
    $400 15
Easter Island

Carl
    $400 5
Beautyrest

Debbie
    $500 10
(Debbie: I don't have a clue.)
(Alex: Crow and Tom Servo.)

Mystery Science Theater 3000

Debbie
    $400 29
the Montagues & the Capulets

Carl
    $400 24
honey

Debbie
    $500 21
(Carl: What is a bird?)

state tree

Carl
Triple Stumper
    $500 16
John Barrow

Dave
    $500 6
Cuisinart

Debbie
    $500 11
Lost in Space

Dave
    $500 30
Gertrude

Debbie
    $500 25
Hermann Hesse

Debbie

Scores at the first commercial break (after clue 14):

Dave Carl Debbie
$800 $800 $1,200

Scores at the end of the Jeopardy! Round:

Dave Carl Debbie
$1,500 $1,800 $3,600

Double Jeopardy! Round responses

SUCCESSORS
WEATHER
RECENT HISTORY
SONG STANDARDS
LANGUAGES
INTERNATIONAL AUTHORS
    $200 21
Attila

Carl
    $200 1
hailstone

Carl
    $200 6
the Amazon

Dave
    $200 11
"Moon River"

Dave
    $200 16
Spanish

Debbie
    $200 28
Pinocchio

Carl
    $400 22
(Alex: Southern Christian Leadership Conference.)

Dr. Martin Luther King, Jr.

Dave
    $400 2
barometer

Carl
    $400 7
Haiti

Dave
    $400 12
"Matchmaker, Matchmaker"

Carl
    $400 17
Hebrew

Carl
    $400 27
Alexandre Dumas

Carl
    $600 23
Vietnam

Carl
    $600 3
troposphere

Dave
    $600 8
Lebanon

Carl
    $600 13
"God Bless America"

Debbie
    $600 18
Cyrillic

Dave
    $1,000 26
(Dave: What is Czechoslovakia?)

Poland

Dave
    $800 24
commissioner of baseball

Carl
    $800 4
trade winds

Triple Stumper
    $800 9
NAFTA

Carl
    $800 14
(Dave: What is "Life Is A Carousel"?)
(Debbie: What is "Come to the Cabaret"?)
(Alex: [Looks at judges] No. The song is [*], not "Come To The Cabaret".)

"Cabaret"

DaveDebbie
Triple Stumper
    $2,000 19
Navajo

Dave
    $800 29
Isak Dinesen (Karen Blixen)

Dave
    $1000 25
(Alex: And we have a minute to deal with INTERNATIONAL AUTHORS.)

William Gladstone

Dave
    $1000 5
Andrew

Carl
    $1000 10
Mickey Kantor

Carl
    $1000 15
"Put on a Happy Face"

Carl
    $1000 20
Phoenician

Dave
    $1000 30
Gabriel Garcia Marquez

Debbie

Scores at the end of the Double Jeopardy! Round:

Dave Carl Debbie
$6,900 $9,800 $4,600

[wagering suggestions for these scores]

Final Jeopardy! Round responses

THE CLINTON ADMINISTRATION
DebbieWho is Stefanopolous?
$2,000
DaveWho is George Stephanopolis
$6,700
CarlWho is George Stephanopolous?
$4,001
George Stephanopoulos

Final scores:

Dave Carl Debbie
$13,600 $13,801 $6,600
2nd place: Trip to Krystal Hotel, Cancun New champion: $13,801 3rd place: Swintec word processor

Game dynamics:

Coryat scores:

Dave Carl Debbie
$6,700 $9,800 $5,100
15 R
(including 1 DD),
3 W
(including 1 DD)
25 R,
1 W
15 R,
2 W
(including 1 DD)

Combined Coryat: $21,600

[game clues] [game scores] [suggest correction]

Game tape date: 1996-09-03
The J! Archive is created by fans, for fans. Scraping, republication, monetization, and malicious use prohibited; this site may use cookies and collect identifying information. See terms. The Jeopardy! game show and all elements thereof, including but not limited to copyright and trademark thereto, are the property of Jeopardy Productions, Inc. and are protected under law. This website is not affiliated with, sponsored by, or operated by Jeopardy Productions, Inc. Join the discussion at JBoard.tv.